000 00670nas a2200265 i 4500
001 1690
003 ES-MaACL
005 20250731030155.0
007 t|
008 950801d18951936sp | | 1 ||pa d
080 _a33
080 _a631
080 _a636
245 0 3 _aEl Progreso agrícola y pecuario.
260 _aMadrid :
_bLibrería Agrícola,
_c1895-1936 (
_fRivadeneyra)
300 _a29 v. ;
_c32 cm.
310 _aSemanal
362 0 _aAño I (1895)-1936.
650 1 7 _aAgricultura
_2embne
_99670
650 1 7 _aEconomía
_2embne
_912006
650 4 _aGanadería.
_9136162
852 _aES-MaACL
_jHem-113
866 0 _o1906-34.
999 _c1690
_d1690